{"text_format":"3","workbook":"xlsx","n_sheets":2,"sheets":["Übersicht","Bauabrechnung"],"not_rendered":{"comments":2},"read":"whole","date_system":"1900"}

{"sheet":"Übersicht","index":0,"n_rows":26,"n_cols":8,"rows_kept":26,"merged":[[0,0,0,8],[1,0,1,8],[3,0,3,3],[3,5,3,6],[3,7,3,8],[4,1,4,3],[4,5,5,6],[4,7,5,8],[5,1,5,3],[6,1,6,3],[6,5,6,6],[6,7,6,8],[7,1,7,3],[7,5,8,6],[7,7,8,8],[8,1,8,3],[9,1,9,3],[9,5,9,8],[10,1,10,3],[10,5,11,8],[11,1,11,3],[13,0,13,3],[13,5,13,8],[14,5,14,8],[15,5,15,8],[16,5,16,8],[19,5,19,8],[20,6,20,8],[21,6,21,8],[22,6,22,8]]}
["Bauabrechnung / BKP"]
["Projektübersicht und Kostenkontrolle"]
[]
["Projektdaten",{"$nulls":4},"Gesamtbudget",null,"Ist-Kosten"]
["Projektname","Neubau Einfamilienhaus Musterstraße",{"$nulls":3},{"$f":"SUM(Bauabrechnung!I2:I41)","v":{"v":188105,"d":"188,105.00 €"}},null,{"$f":"SUM(Bauabrechnung!L2:L41)","v":{"v":191830,"d":"191,830.00 €"}}]
["Bauherr / Kunde","Musterbau GmbH"]
["Projektleiter","Thomas Berger",{"$nulls":3},"Abweichung €",null,"Abweichung %"]
["Baustelle / Ort","Hamburg",{"$nulls":3},{"$f":"SUM(Bauabrechnung!M2:M41)","v":{"v":3725,"d":"3,725.00 €"}},null,{"$f":"IF(SUM(Bauabrechnung!I2:I41)>0,SUM(Bauabrechnung!L2:L41)/SUM(Bauabrechnung!I2:I41)-1,\"\")","v":{"v":0.01980276972967232,"d":"2.0%"}}]
["Startdatum","15.01.2026"]
["Enddatum","30.09.2026",{"$nulls":3},"Offene Positionen"]
["MwSt. %",{"v":0.19,"d":"19.0%"},{"$nulls":3},{"$f":"COUNTIFS(Bauabrechnung!D2:D41,\"<>\",Bauabrechnung!O2:O41,\"<>Bezahlt\")","v":11}]
["Währung","EUR"]
[]
["Kostenübersicht nach Kategorie",{"$nulls":4},"Hinweise"]
["Kategorie","Geplant (€)","Real (€)","Abweichung (€)",null,"1. Neue Positionen in der Tabelle „Bauabrechnung“ eintragen."]
["Erdarbeiten",{"$f":"SUMIF(Bauabrechnung!$C$2:$C$41,A16,Bauabrechnung!$I$2:$I$41)","v":{"v":10360,"d":"10,360.00 €"}},{"$f":"SUMIF(Bauabrechnung!$C$2:$C$41,A16,Bauabrechnung!$L$2:$L$41)","v":{"v":11310,"d":"11,310.00 €"}},{"$f":"C16-B16","v":{"v":950,"d":"950.00 €"}},null,"2. Kosten, Abweichung und Kennzahlen werden automatisch berechnet."]
["Rohbau",{"$f":"SUMIF(Bauabrechnung!$C$2:$C$41,A17,Bauabrechnung!$I$2:$I$41)","v":{"v":53120,"d":"53,120.00 €"}},{"$f":"SUMIF(Bauabrechnung!$C$2:$C$41,A17,Bauabrechnung!$L$2:$L$41)","v":{"v":53970,"d":"53,970.00 €"}},{"v":850,"d":"850.00 €"},null,"3. Positive Abweichungen = Mehrkosten; Status und Risiko priorisieren offene Themen."]
["Dach",{"$f":"SUMIF(Bauabrechnung!$C$2:$C$41,A18,Bauabrechnung!$I$2:$I$41)","v":{"v":22770,"d":"22,770.00 €"}},{"$f":"SUMIF(Bauabrechnung!$C$2:$C$41,A18,Bauabrechnung!$L$2:$L$41)","v":{"v":23265,"d":"23,265.00 €"}},{"v":495,"d":"495.00 €"}]
["Fassade",{"$f":"SUMIF(Bauabrechnung!$C$2:$C$41,A19,Bauabrechnung!$I$2:$I$41)","v":{"v":18060,"d":"18,060.00 €"}},{"$f":"SUMIF(Bauabrechnung!$C$2:$C$41,A19,Bauabrechnung!$L$2:$L$41)","v":{"v":17220,"d":"17,220.00 €"}},{"v":-840,"d":"(840.00 €)"}]
["Fenster / Türen",{"$f":"SUMIF(Bauabrechnung!$C$2:$C$41,A20,Bauabrechnung!$I$2:$I$41)","v":{"v":14770,"d":"14,770.00 €"}},{"$f":"SUMIF(Bauabrechnung!$C$2:$C$41,A20,Bauabrechnung!$L$2:$L$41)","v":{"v":15170,"d":"15,170.00 €"}},{"v":400,"d":"400.00 €"},null,"Legende"]
["Elektro",{"$f":"SUMIF(Bauabrechnung!$C$2:$C$41,A21,Bauabrechnung!$I$2:$I$41)","v":{"v":14200,"d":"14,200.00 €"}},{"$f":"SUMIF(Bauabrechnung!$C$2:$C$41,A21,Bauabrechnung!$L$2:$L$41)","v":{"v":14950,"d":"14,950.00 €"}},{"v":750,"d":"750.00 €"},null,"Eingabe","Farbcodierung zur schnellen Orientierung"]
["Sanitär / Heizung",{"$f":"SUMIF(Bauabrechnung!$C$2:$C$41,A22,Bauabrechnung!$I$2:$I$41)","v":{"v":26800,"d":"26,800.00 €"}},{"$f":"SUMIF(Bauabrechnung!$C$2:$C$41,A22,Bauabrechnung!$L$2:$L$41)","v":{"v":27650,"d":"27,650.00 €"}},{"v":850,"d":"850.00 €"},null,"Berechnet","Farbcodierung zur schnellen Orientierung"]
["Innenausbau",{"$f":"SUMIF(Bauabrechnung!$C$2:$C$41,A23,Bauabrechnung!$I$2:$I$41)","v":{"v":16815,"d":"16,815.00 €"}},{"$f":"SUMIF(Bauabrechnung!$C$2:$C$41,A23,Bauabrechnung!$L$2:$L$41)","v":{"v":16800,"d":"16,800.00 €"}},{"v":-15,"d":"(15.00 €)"},null,"Warnung / Risiko","Farbcodierung zur schnellen Orientierung"]
["Außenanlagen",{"$f":"SUMIF(Bauabrechnung!$C$2:$C$41,A24,Bauabrechnung!$I$2:$I$41)","v":{"v":11210,"d":"11,210.00 €"}},{"$f":"SUMIF(Bauabrechnung!$C$2:$C$41,A24,Bauabrechnung!$L$2:$L$41)","v":{"v":11495,"d":"11,495.00 €"}},{"v":285,"d":"285.00 €"}]
["Sonstiges",{"$f":"SUMIF(Bauabrechnung!$C$2:$C$41,A25,Bauabrechnung!$I$2:$I$41)","v":{"v":0,"d":"0.00 €"}},{"$f":"SUMIF(Bauabrechnung!$C$2:$C$41,A25,Bauabrechnung!$L$2:$L$41)","v":{"v":0,"d":"0.00 €"}},{"v":0,"d":"0.00 €"}]
["Gesamt",{"$f":"SUM(B16:B25)","v":{"v":188105,"d":"188,105.00 €"}},{"$f":"SUM(C16:C25)","v":{"v":191830,"d":"191,830.00 €"}},{"$f":"SUM(D16:D25)","v":{"v":3725,"d":"3,725.00 €"}}]

{"sheet":"Bauabrechnung","index":1,"n_rows":43,"n_cols":20,"rows_kept":43}
["Pos.","Gewerk","Kategorie","Bauteil / Leistung","Beschreibung","Einheit","Menge geplant","EP geplant (€)","Kosten geplant (€)","Menge real","EP real (€)","Kosten real (€)","Abweichung (€)","Abweichung (%)","Status","Lieferant","Rechnungsnummer","Rechnungsdatum","Risiko","Notizen"]
[1,"Baustellenvorbereitung","Erdarbeiten","Baustelleneinrichtung","Container, Zaun und Ersteinrichtung","Pauschal",{"v":1,"d":"1.00"},{"v":2800,"d":"2,800.00 €"},{"$f":"IF(AND(G2<>\"\",H2<>\"\"),G2*H2,\"\")","v":{"v":2800,"d":"2,800.00 €"}},{"v":1,"d":"1.00"},{"v":2950,"d":"2,950.00 €"},{"$f":"IF(AND(J2<>\"\",K2<>\"\"),J2*K2,\"\")","v":{"v":2950,"d":"2,950.00 €"}},{"$f":"IF(OR(L2=\"\",I2=\"\"),\"\",L2-I2)","v":{"v":150,"d":"150.00 €"}},{"$f":"IF(OR(I2=\"\",I2=0,L2=\"\"),\"\",L2/I2-1)","v":{"v":0.0535714285714286,"d":"5.4%"}},"Bezahlt","Nord Bau Service","RE-2026-001","20.01.2026","Niedrig","Abgeschlossen"]
[2,"Tiefbau","Erdarbeiten","Aushub Fundament","Aushub und Abtransport von Boden","m³",{"v":180,"d":"180.00"},{"v":42,"d":"42.00 €"},{"v":7560,"d":"7,560.00 €"},{"v":190,"d":"190.00"},{"v":44,"d":"44.00 €"},{"v":8360,"d":"8,360.00 €"},{"v":800,"d":"800.00 €"},{"v":0.10582010582010581,"d":"10.6%"},"Abgerechnet","Erdbau Hansen","RE-2026-014","02.02.2026","Mittel","Mehrmenge wegen weichem Boden"]
[3,"Rohbau","Rohbau","Fundament","Schalung, Bewehrung und Beton","m²",{"v":120,"d":"120.00"},{"v":165,"d":"165.00 €"},{"v":19800,"d":"19,800.00 €"},{"v":120,"d":"120.00"},{"v":172,"d":"172.00 €"},{"v":20640,"d":"20,640.00 €"},{"v":840,"d":"840.00 €"},{"v":0.042424242424242475,"d":"4.2%"},"Teilweise abgerechnet","BetonPlus GmbH","RE-2026-021","18.02.2026","Mittel","Teilrechnung 1 eingegangen"]
[4,"Rohbau","Rohbau","Mauerwerk EG/OG","Außen- und Innenwände","m²",{"v":340,"d":"340.00"},{"v":98,"d":"98.00 €"},{"v":33320,"d":"33,320.00 €"},{"v":330,"d":"330.00"},{"v":101,"d":"101.00 €"},{"v":33330,"d":"33,330.00 €"},{"v":10,"d":"10.00 €"},{"v":3.0012004801927006E-4,"d":"0.0%"},"In Arbeit","Massivbau Nord","","","Mittel","Leichte Preissteigerung"]
[5,"Dachdecker","Dach","Dachkonstruktion","Holz, Dämmung und Eindeckung","m²",{"v":165,"d":"165.00"},{"v":138,"d":"138.00 €"},{"v":22770,"d":"22,770.00 €"},{"v":165,"d":"165.00"},{"v":141,"d":"141.00 €"},{"v":23265,"d":"23,265.00 €"},{"v":495,"d":"495.00 €"},{"v":0.021739130434782705,"d":"2.2%"},"Offen","Dachteam Elbe","","","Mittel","Beauftragt, noch nicht fakturiert"]
[6,"Fassade","Fassade","WDVS / Putz","Wärmedämmverbundsystem mit Oberputz","m²",{"v":210,"d":"210.00"},{"v":86,"d":"86.00 €"},{"v":18060,"d":"18,060.00 €"},{"v":210,"d":"210.00"},{"v":82,"d":"82.00 €"},{"v":17220,"d":"17,220.00 €"},{"v":-840,"d":"(840.00 €)"},{"v":-0.046511627906976716,"d":"(4.7%)"},"Offen","Fassadenbau Kühn","","","Niedrig","Einsparung gegenüber Angebot"]
[7,"Fensterbauer","Fenster / Türen","Fenster","Kunststofffenster inkl. Montage","Stk",{"v":18,"d":"18.00"},{"v":640,"d":"640.00 €"},{"v":11520,"d":"11,520.00 €"},{"v":18,"d":"18.00"},{"v":655,"d":"655.00 €"},{"v":11790,"d":"11,790.00 €"},{"v":270,"d":"270.00 €"},{"v":0.0234375,"d":"2.3%"},"Abgerechnet","FensterWerk","RE-2026-045","04.03.2026","Niedrig","Lieferung vollständig"]
[8,"Tischler","Fenster / Türen","Haustür","Aluminium-Haustür inkl. Einbau","Stk",{"v":1,"d":"1.00"},{"v":3250,"d":"3,250.00 €"},{"v":3250,"d":"3,250.00 €"},{"v":1,"d":"1.00"},{"v":3380,"d":"3,380.00 €"},{"v":3380,"d":"3,380.00 €"},{"v":130,"d":"130.00 €"},{"v":0.040000000000000036,"d":"4.0%"},"Teilweise abgerechnet","Nord Türen","RE-2026-051","09.03.2026","Mittel","Restzahlung offen"]
[9,"Elektriker","Elektro","Elektroinstallation","Kabel, Verteilung, Schalter und Steckdosen","Pauschal",{"v":1,"d":"1.00"},{"v":14200,"d":"14,200.00 €"},{"v":14200,"d":"14,200.00 €"},{"v":1,"d":"1.00"},{"v":14950,"d":"14,950.00 €"},{"v":14950,"d":"14,950.00 €"},{"v":750,"d":"750.00 €"},{"v":0.052816901408450745,"d":"5.3%"},"In Arbeit","Elektro Weber","","","Hoch","Nachträge möglich"]
[10,"Sanitär","Sanitär / Heizung","Sanitär & Heizung","Leitungen, Sanitärobjekte und Wärmepumpe","Pauschal",{"v":1,"d":"1.00"},{"v":26800,"d":"26,800.00 €"},{"v":26800,"d":"26,800.00 €"},{"v":1,"d":"1.00"},{"v":27650,"d":"27,650.00 €"},{"v":27650,"d":"27,650.00 €"},{"v":850,"d":"850.00 €"},{"v":0.03171641791044766,"d":"3.2%"},"In Arbeit","Haustechnik Berg","","","Hoch","Preisrisiko bei Material"]
[11,"Trockenbau","Innenausbau","Innenausbau","Trockenbau, Spachteln und Malervorbereitung","m²",{"v":295,"d":"295.00"},{"v":57,"d":"57.00 €"},{"v":16815,"d":"16,815.00 €"},{"v":300,"d":"300.00"},{"v":56,"d":"56.00 €"},{"v":16800,"d":"16,800.00 €"},{"v":-15,"d":"(15.00 €)"},{"v":-0.000892060660124927,"d":"(0.1%)"},"Offen","Innenbau Stark","","","Mittel","Leichte Mehrmenge"]
[12,"Galabau","Außenanlagen","Terrasse / Wege","Pflaster, Terrasse und Entwässerung","m²",{"v":95,"d":"95.00"},{"v":118,"d":"118.00 €"},{"v":11210,"d":"11,210.00 €"},{"v":95,"d":"95.00"},{"v":121,"d":"121.00 €"},{"v":11495,"d":"11,495.00 €"},{"v":285,"d":"285.00 €"},{"v":0.025423728813559254,"d":"2.5%"},"Offen","Garten & Stein","","","Niedrig","Ausführung am Projektende"]
[13,{"$nulls":7},"",null,null,"","",""]
[14,{"$nulls":7},"",null,null,"","",""]
[15,{"$nulls":7},"",null,null,"","",""]
[16,{"$nulls":7},"",null,null,"","",""]
[17,{"$nulls":7},"",null,null,"","",""]
[18,{"$nulls":7},"",null,null,"","",""]
[19,{"$nulls":7},"",null,null,"","",""]
[20,{"$nulls":7},"",null,null,"","",""]
[21,{"$nulls":7},"",null,null,"","",""]
[22,{"$nulls":7},"",null,null,"","",""]
[23,{"$nulls":7},"",null,null,"","",""]
[24,{"$nulls":7},"",null,null,"","",""]
[25,{"$nulls":7},"",null,null,"","",""]
[26,{"$nulls":7},"",null,null,"","",""]
[27,{"$nulls":7},"",null,null,"","",""]
[28,{"$nulls":7},"",null,null,"","",""]
[29,{"$nulls":7},"",null,null,"","",""]
[30,{"$nulls":7},"",null,null,"","",""]
[31,{"$nulls":7},"",null,null,"","",""]
[32,{"$nulls":7},"",null,null,"","",""]
[33,{"$nulls":7},"",null,null,"","",""]
[34,{"$nulls":7},"",null,null,"","",""]
[35,{"$nulls":7},"",null,null,"","",""]
[36,{"$nulls":7},"",null,null,"","",""]
[37,{"$nulls":7},"",null,null,"","",""]
[38,{"$nulls":7},"",null,null,"","",""]
[39,{"$nulls":7},"",null,null,"","",""]
[40,{"$nulls":7},"",null,null,"","",""]
[]
[{"$nulls":7},"Gesamt",{"$f":"SUM(I2:I41)","v":{"v":188105,"d":"188,105.00 €"}},null,null,{"$f":"SUM(L2:L41)","v":{"v":191830,"d":"191,830.00 €"}},{"$f":"SUM(M2:M41)","v":{"v":3725,"d":"3,725.00 €"}}]